| 000 | 01254cam a2200385 a 4500 | ||
|---|---|---|---|
| 999 |
_c958 _d958 |
||
| 001 | 5304717 | ||
| 003 | CaAEU | ||
| 005 | 20210623060735.0 | ||
| 008 | 090925s2011 oncac b 001 0 eng | ||
| 016 | _a20099059924 | ||
| 020 | _a9780132459310 : | ||
| 035 | _aocn970402938 | ||
| 040 |
_aCaOONL _beng _cCaOONL _dCaOONL _dCaONFJC |
||
| 043 | _an-cn--- | ||
| 050 |
_aHM811 _b.B47 2011 |
||
| 055 | 3 |
_aHM811 _bB47 2011 |
|
| 082 | 0 |
_a302.5/420971 _222 |
|
| 090 |
_aHM 811 B47 2011 _bAEU |
||
| 100 | 1 |
_aBereska, Tami M. _q(Tami Marie), _d1968- _eauthor. |
|
| 245 | 1 | 0 |
_aDeviance, conformity, and social control in Canada / _cTami M. Bereska. |
| 250 | _a3rd ed. | ||
| 260 |
_aToronto : _bPearson Canada, _cc2011. |
||
| 300 |
_axiv, 353 p. : _bill., ports. ; _c24 cm. |
||
| 336 |
_atext _btxt _2rdacontent |
||
| 337 |
_aunmediated _bn _2rdamedia |
||
| 338 |
_avolume _bnc _2rdacarrier |
||
| 504 | _aIncludes bibliographical references and index. | ||
| 650 | 0 |
_aDeviant behavior _vTextbooks. |
|
| 650 | 0 |
_aConformity _vTextbooks. |
|
| 650 | 0 |
_aSocial control _vTextbooks. |
|
| 651 | 0 |
_aCanada _xSocial conditions _vTextbooks. |
|
| 690 | _aMacEwan Authors. | ||
| 942 |
_ahsw1okq3tsvhuozhsk5934fjesgv4m2n _2lcc _cBK _nSO |
||
| 948 |
_a01/12/2011 _b04/27/2011 _zSirsi |
||